000 00956nam a2200217Ia 4500
999 _c36279
_d36279
001 2186
003 GE_BSU
005 20190507105711.0
008 181216s1998||||ge |||||||||||||| ||geo||
020 _a9992822120
040 _cGE_BSU
080 _a340(479.22) ფ–20
100 _aფალიაშვილი, აპოლონ
_9241
245 _aსაქართველოს სამართალდამცავი ორგანოები /
_cაპოლონ ფალიაშვილი; რედ. შ.ფალიაშვილი
264 _aთბილისი :
_bმერიდიანი,
_c1998.
300 _a254 გვ.;
_b20 სმ.
653 _aსამართალი
653 _aსაქართველოს სამართალდამცავი ორგანოები
700 _aფაფიაშვილი, შ.
_eრედაქტორი
_9836
942 _cBK
_2udc